000 00784cam a2200253 a 4500
001 1634481
005 20180220090512.0
008 960412s1996 cou b 001 0 eng
010 _a 96019414
020 _a0813321751 (alk. paper)
020 _a081332176X (pbk. : alk. paper)
040 _aDLC
_cDLC
_dDLC
041 _aeng
043 _an-us---
080 _a305.32 PAU
082 0 0 _a305.32 PAU
_220
100 _a50
101 _aPSI
245 0 0 _aBoys :
_cedited by Paul Smith.
504 _aIncludes bibliographical references and index.
906 _a7
_bcbc
_corignew
_d1
_eocip
_f19
_gy-gencatlg
942 _2ddc
_cBK
999 _c42941
_d42941